|
|
|
|
| LEADER |
00000cam a2200000 7i4500 |
| 001 |
0000071810 |
| 005 |
20170502.0 |
| 008 |
170929 |
| 020 |
|
|
|a 9789670676180(set)
|
| 020 |
|
|
|a 9789670676210
|
| 090 |
0 |
0 |
|a JF ANM
|b MAL
|
| 100 |
1 |
|
|a Azlinda Mohd Masri
|
| 245 |
1 |
0 |
|a Reptilia Berbisa
|c Azlinda Mohd Masri
|
| 260 |
|
|
|a Selangor :
|b Pustaka Lastari ,
|c 2016
|
| 490 |
1 |
|
|a Siri info haiwan berbisa
|
| 500 |
|
|
|a Children ages 7-9 years old (orange)
|
| 581 |
8 |
0 |
|a Purchase 2016
|
| 650 |
|
0 |
|a Children's
|x Fiction.
|
| 650 |
|
0 |
|a Malay
|x juvenile literature.
|
| 999 |
|
|
|a 0001433888
|b Book
|c Children Collection
|e Cawangan Taman Universiti
|
| 999 |
|
|
|a 0001433889
|b Book
|c Children Collection
|e Cawangan Mersing
|
| 999 |
|
|
|a 0001433890
|b Book
|c Teenagers
|e Cawangan Bandar Tenggara
|
| 999 |
|
|
|a 0001433891
|b Book
|c Children Collection
|e Cawangan Tmn. Ungku Tun Aminah
|
| 999 |
|
|
|a 0001433892
|b Book
|c Children Collection
|e Cawangan Segamat
|
| 999 |
|
|
|a 0001433893
|b Book
|c Children Collection
|e Cawangan Tangkak
|
| 999 |
|
|
|a 0001433894
|b Book
|c Children Collection
|e Cawangan Kota Tinggi
|
| 999 |
|
|
|a 0001433895
|b Book
|c Children Collection
|e Cawangan Sri Merlong
|
| 999 |
|
|
|a 0001433896
|b Book
|c Children Collection
|e Cawangan Taman Sri Lambak
|
| 999 |
|
|
|a 0001433897
|b Book
|c Children Collection
|e Cawangan Bukit Gambir
|
| 999 |
|
|
|a 0001433898
|b Book
|c Children Collection
|e Cawangan Bandar Penawar
|
| 999 |
|
|
|a 0001433899
|b Book
|c Children Collection
|e Cawangan Batu Pahat
|
| 999 |
|
|
|a 0001433900
|b Book
|c Children Collection
|e Cawangan Muar
|
| 999 |
|
|
|a 0001433901
|b Book
|c Children Collection
|e Cawangan Pontian
|
| 999 |
|
|
|a 0001438657
|b Book
|c Children Collection
|e Perbadanan Perpustakaan Awam Johor
|
| 999 |
|
|
|a 0001438658
|b Book
|c Children Collection
|e Perbadanan Perpustakaan Awam Johor
|
| 999 |
|
|
|a 0001438659
|b Book
|c Children Collection
|e Cawangan Urban Transformation Centre
|
| 999 |
|
|
|a 0001438660
|b Book
|c Children Collection
|e Cawangan AEON Kulaijaya
|